| 000 | 00532nam a2200181 a 4500 | ||
|---|---|---|---|
| 999 |
_c5094 _d5094 |
||
| 005 | 20200529103229.0 | ||
| 008 | 140318b2001 ||||| |||| 00| 0 eng d | ||
| 040 |
_aCO-BoIAVH _cCO-BoIAVH |
||
| 041 | _aeng | ||
| 090 |
_aLB _b04482 |
||
| 245 | _aStatus, impacts and trends of alien species that threaten ecosystems, habitats and species | ||
| 260 |
_as.l. _bUNEP _bCBD _c2001 |
||
| 300 | _a29 p. | ||
| 650 | 0 |
_aEspecies exóticas _vEstado _9103202 |
|
| 650 | 0 |
_aImpacto ambiental _9103203 |
|
| 942 |
_cFolleto _2z |
||
| 945 | _d2006-01-05 | ||